| 000 | 00431nam a2200157 i 4500 | ||
|---|---|---|---|
| 001 | bg | ||
| 245 | 0 |
_aFizika prostych żidkostej. Statisticeskaja teorija / _cPod red. G. Temperli ; Perev. s angl. |
|
| 260 |
_aMoskwa : _bIzdat. "Mir", _c1971. |
||
| 300 |
_as. 308 : _bilustr. |
||
| 700 | 1 |
_aTEMPERLI, G. _eRed. |
|
| 040 | _cBPK | ||
| 041 | _apol | ||
| 080 | _a532+533.7 | ||
| 942 | _cKS | ||
| 008 | s pl f |000 0 pol | ||
| 999 |
_c9157 _d9157 |
||
| 856 |
_uhttp://koha.tu.koszalin.pl/cgi-bin/koha/opac-detail.pl?biblionumber=9157 _yKatalog online BPK |
||